Sports Quiz

Random Sports Quiz

NASCAR Multi-Champions Quiz Stats

 Plays Quiz not verified by Sporcle

Challenge
Share
Tweet
Embed
Score 0/15 Timer 04:00
0 Plays Today
% Correct
Richard Petty
89.2%
Jimmie Johnson
87.5%
Dale Earnhardt
85.8%
Jeff Gordon
83.3%
David Pearson
69.2%
Darrell Waltrip
67.5%
Tony Stewart
57.5%
Terry Labonte
44.2%
% Correct
Cale Yarborough
43.3%
Ned Jarrett
36.7%
Lee Petty
34.2%
Buck Baker
27.5%
Joe Weatherly
25.8%
Herb Thomas
21.7%
Tim Flock
20.8%

You're not logged in!

Compare scores with friends on all Sporcle quizzes.
Join for Free
OR
Log In

You Might Also Like...

Show Comments

Extras

Top Quizzes Today


Score Distribution

Your Account Isn't Verified!

In order to create a playlist on Sporcle, you need to verify the email address you used during registration. Go to your Sporcle Settings to finish the process.

Report this User

Report this user for behavior that violates our Community Guidelines.

Details: